000 00894nas a2200289 4500
001 BR0405843
003 BR-BrBNA
005 20231205105027.0
007 ta
008 230509b bl.|||p| |||| 00| 00por d
040 _aBR-BrBNA
_bpor
_cBiblioteca Nacional de Agricultura
041 _a(Pt)
072 _aP33
100 1 _aBeutler, A.N.
100 1 _aCenturion, J.F.
100 1 _aSilva, A.P. da
100 1 _aRoque, C.G.
100 1 _aFerraz, M.V.
245 1 _aCompactação do solo e intervalo hídrico ótimo na produtividade de arroz de sequeiro
650 _aARROZ SEQUEIRO
650 _aCOMPACTAÇÃO DO SOLO
650 _aPROPRIEDADE FÍSICO-QUÍMICA
650 _aÁGUA DO SOLO
773 0 _tPesquisa Agropecuária Brasileira (Brazil)
_xISSN 0100-204X
_g(Jun 2004), v. 39(6) p. 575-580
_wBR0405843
909 _a202311
_bLúcia
_c55
_dLúcia Elande
942 _2AGRIS
_n0
_cANA
999 _c180842
_d180842